[Event "COL-ch U20 Girls"]
[Site "Cali"]
[Date "2024.02.29"]
[Round "2"]
[White "Lopez Mahecha, Natalia"]
[Black "Valencia Quinchia, Isabella"]
[Result "0-1"]
[WhiteElo "1375"]
[BlackElo "1627"]
[PlyCount "89"]
[EventDate "2024.02.28"]
[EventType "swiss"]
[EventRounds "9"]
[EventCountry "COL"]
[SourceTitle "CB11_2024"]
[SourceDate "2024.03.13"]
[SourceVersion "1"]
[SourceVersionDate "2024.03.13"]
[SourceQuality "1"]

1. e4 e5 2. Nf3 Nc6 3. Bc4 Bc5 4. c3 Nf6 5. d4 exd4 6. e5 d5 7. Bb5 Ne4 8. cxd4 Bb6 9. Nc3 0-0 10. Be3 Bg4 11. 0-0 Ne7 12. h3 Bh5 13. a4 c6 14. Be2 Nf5 15. Nxe4 dxe4 16. Nd2 Bxe2 17. Qxe2 Nxd4 18. Qg4 Qd5 19. Rad1 Rfe8 20. a5 Bc7 21. Nxe4 Qxe5 22. f4 Ne2+ 23. Qxe2 Qxe4 24. Rf3 Bxa5 25. Qf2 a6 26. f5 f6 27. Qg3 Qe5 28. Rd7 Qxg3 29. Rxg3 Rxe3 30. Rgxg7+ Kf8 31. Rdf7+ Ke8 32. Rxb7 Kd8 33. Rxh7 Kc8 34. Rbf7 Rb8 35. Rxf6 Rxb2 36. Rxc6+ Kd8 37. Rxa6 Re1+ 38. Kh2 Bc7+ 39. Rxc7 Kxc7 40. Rg6 Rf1 41. Rg5 Rff2 42. h4 Kd7 43. Kh3 Ke7 44. g3 Kf6 45. h5 0-1

[Event "COL-ch U1700"]
[Site "Pereira"]
[Date "2022.02.16"]
[Round "1"]
[White "Lopez Mahecha, Natalia"]
[Black "Leal Ortega, Jose del Carmen"]
[Result "1-0"]
[WhiteElo "1086"]
[BlackElo "1606"]
[PlyCount "92"]
[EventDate "2022.02.16"]
[EventType "swiss"]
[EventRounds "9"]
[EventCountry "COL"]
[SourceTitle "CBM 207 Extra"]
[Source "ChessBase"]
[SourceDate "2022.05.31"]
[SourceVersion "1"]
[SourceVersionDate "2022.05.31"]
[SourceQuality "1"]

1. e4 c5 2. Nf3 g6 3. d4 cxd4 4. Nxd4 Bg7 5. Be3 Nf6 6. Be2 Nc6 7. Nc3 Qa5 8. Qd2 Nxe4 9. Nxe4 Qxd2+ 10. Kxd2 Nxd4 11. Bc4 0-0 12. c3 Nc6 13. h4 d6 14. Ke2 h5 15. Ng5 Ne5 16. Bb3 b6 17. f4 Ba6+ 18. Kd2 Nc4+ 19. Bxc4 Bxc4 20. Rhe1 Rad8 21. b3 Ba6 22. Rad1 e5 23. Kc2 Rc8 24. c4 Rfd8 25. Bc1 Bb7 26. g3 d5 27. fxe5 dxc4 28. Rxd8+ Rxd8 29. bxc4 Rc8 30. Kb3 Ba6 31. e6 Bxc4+ 32. Ka3 fxe6 33. Bf4 Rc5 34. Nxe6 Bxe6 35. Rxe6 Kf7 36. Rd6 Bf8 37. Rd7+ Be7 38. Kb3 Rb5+ 39. Kc4 Rc5+ 40. Kd3 Ra5 41. Bg5 Re5 42. Kd4 Re1 43. Kc4 Ke8 44. Rxe7+ Rxe7 45. Bxe7 Kxe7 46. Kb5 Ke6 1-0

[Event "Ibague op"]
[Site "Ibague"]
[Date "2021.10.24"]
[Round "9"]
[White "Ipus Roa, Andres Felipe"]
[Black "Lopez Mahecha, Natalia"]
[Result "0-1"]
[WhiteElo "1600"]
[BlackElo "1094"]
[PlyCount "66"]
[EventDate "2021.10.20"]
[EventType "swiss"]
[EventRounds "9"]
[EventCountry "COL"]
[SourceTitle "CBM 204 Extra"]
[Source "ChessBase"]
[SourceDate "2021.11.30"]
[SourceVersion "1"]
[SourceVersionDate "2021.11.30"]
[SourceQuality "1"]

1. e4 e5 2. Nf3 Nc6 3. Bc4 Nf6 4. c3 d5 5. exd5 Nxd5 6. 0-0 Be7 7. d4 e4 8. Ne5 Nxe5 9. dxe5 c6 10. Qc2 e3 11. Bxd5 exf2+ 12. Qxf2 Qxd5 13. b4 Be6 14. Bf4 0-0 15. Qg3 Rfd8 16. Nd2 Qd3 17. Rf3 Qg6 18. Ne4 Qxg3 19. Rxg3 g6 20. Bg5 Bxg5 21. Nxg5 Re8 22. Rf1 Bxa2 23. Rgf3 f5 24. exf6 Rf8 25. f7+ Kg7 26. R1f2 Bd5 27. Rh3 h6 28. Re3 hxg5 29. Re7 b5 30. g3 Rxf7 31. Rfxf7+ Bxf7 32. Rc7 a5 33. Rxc6 a4 0-1

[Event "Ibague op"]
[Site "Ibague"]
[Date "2021.10.21"]
[Round "4"]
[White "Bernal Parra, Eliana Valentina"]
[Black "Lopez Mahecha, Natalia"]
[Result "1-0"]
[WhiteElo "1504"]
[BlackElo "1094"]
[PlyCount "43"]
[EventDate "2021.10.20"]
[EventType "swiss"]
[EventRounds "9"]
[EventCountry "COL"]
[SourceTitle "CBM 204 Extra"]
[Source "ChessBase"]
[SourceDate "2021.11.30"]
[SourceVersion "1"]
[SourceVersionDate "2021.11.30"]
[SourceQuality "1"]

1. e4 e5 2. Nf3 Nc6 3. Bc4 Nf6 4. d3 Be7 5. c3 0-0 6. 0-0 h6 7. Nbd2 d6 8. Re1 Na5 9. Bb5 c6 10. Ba4 b5 11. Bc2 Re8 12. d4 exd4 13. cxd4 Bf8 14. Nf1 Bg4 15. h3 Bh5 16. Ng3 Bg6 17. Qd2 Nc4 18. Qc3 d5 19. e5 Bxc2 20. Qxc2 Nd7 21. b3 Ncb6 22. Qxc6 1-0

[Event "COL-ch sf (Women)"]
[Site "Santa Rosa"]
[Date "2021.08.14"]
[Round "5"]
[White "Lopez Mahecha, Natalia"]
[Black "Andrade, Maria Alejandra"]
[Result "0-1"]
[WhiteElo "1099"]
[BlackElo "1693"]
[PlyCount "48"]
[EventDate "2021.08.12"]
[EventType "swiss"]
[EventRounds "9"]
[EventCountry "COL"]
[SourceTitle "CBM 204 Extra"]
[Source "ChessBase"]
[SourceDate "2021.11.30"]
[SourceVersion "1"]
[SourceVersionDate "2021.11.30"]
[SourceQuality "1"]

1. e4 c5 2. Nf3 d6 3. c4 Nc6 4. d4 cxd4 5. Nxd4 g6 6. Nc2 Bg7 7. Nc3 Nf6 8. Be2 0-0 9. Be3 Be6 10. Qd2 Ne5 11. c5 dxc5 12. Qxd8 Rfxd8 13. Bxc5 Bf8 14. 0-0 Bc4 15. Bxc4 Nxc4 16. b3 Nd2 17. Rfe1 Rac8 18. Bb4 e5 19. Bxf8 Kxf8 20. Re3 Ndxe4 21. Nxe4 Nxe4 22. Rxe4 Rxc2 23. Rae1 Rdd2 24. Rxe5 Rxf2 0-1

[Event "COL-ch U20 Girls"]
[Site "Tolima"]
[Date "2020.02.13"]
[Round "2"]
[White "Lopez Mahecha, Natalia"]
[Black "Ramos Rocha, Natalia"]
[Result "0-1"]
[WhiteElo "1361"]
[BlackElo "1199"]
[PlyCount "102"]
[EventDate "2020.02.12"]
[EventType "swiss"]
[EventRounds "7"]
[EventCountry "COL"]
[SourceTitle "CBM 195 Extra"]
[Source "ChessBase"]
[SourceDate "2020.05.31"]
[SourceVersion "1"]
[SourceVersionDate "2020.05.31"]
[SourceQuality "1"]

1. e4 e5 2. Nf3 Nc6 3. Bc4 Bc5 4. 0-0 d6 5. h3 Nf6 6. d3 h6 7. c3 Bb6 8. Re1 0-0 9. Be3 Bxe3 10. Rxe3 Re8 11. d4 exd4 12. cxd4 Nxe4 13. Bd5 Nf6 14. Rxe8+ Qxe8 15. Bc4 Bf5 16. Nc3 Rd8 17. d5 Ne5 18. Nxe5 dxe5 19. Qe2 c6 20. dxc6 Qxc6 21. Bd3 Bxd3 22. Qxe5 Re8 23. Qg3 Qb6 24. Qxd3 Qxb2 25. Rb1 Qa3 26. Rxb7 Rc8 27. Rb3 Qc1+ 28. Kh2 Qf4+ 29. Qg3 Qxg3+ 30. Kxg3 Rxc3+ 31. Rxc3 Ne4+ 32. Kh2 Nxc3 33. a3 Kf8 34. Kg3 Ke7 35. Kf3 Ke6 36. Kg4 g6 37. f4 h5+ 38. Kg5 Ne4+ 39. Kh4 Kf5 40. g4+ hxg4 41. hxg4+ Kxf4 42. Kh3 Nf2+ 43. Kg2 Nxg4 44. Kf1 f5 45. Kg2 Ne3+ 46. Kf2 g5 47. Kg1 Kg3 48. a4 f4 49. a5 f3 50. a6 f2+ 51. Kh1 f1Q# 0-1